00678nam a22002057a 450000500170000001000130001702000220003003500130005203700160006504000120008108200130009310000210010624500960012726000380022327000600026130000320032150000530035365000400040665000260044620170124110214.0 aA-710499 c00.00a8170720141 aA-710499 bCen Lib/Ret aDPLbEN a921bKAP aKapoor, Satish K aCultural contact and fusion :cby Satish K KapoorbSwami Vivekananda in the West, 1893-96 / aJalandharbABS Publicationsc1987 a27, First Floor, Market, N. G. RoadbJalandhar e144001 axvi,432p. :c21cm(Hb)bill. aIncludes bibliographical references and index  aVivekananda, -- Swami, -- 1863-1902 aVivekananda, -- Swami